[Event "Perth op"]
[Site "Perth"]
[Date "2023.01.10"]
[Round "11"]
[White "Vo, Thi Kim Phung"]
[Black "Wallis, Christopher"]
[Result "1-0"]
[WhiteElo "2343"]
[BlackElo "2313"]
[PlyCount "127"]
[EventDate "2023.01.02"]
[EventType "swiss"]
[EventRounds "11"]
[EventCountry "AUS"]
[SourceTitle "CBM 212 Extra"]
[Source "ChessBase"]
[SourceDate "2023.03.31"]
[SourceVersion "1"]
[SourceVersionDate "2023.03.31"]
[SourceQuality "1"]

1. d4 Nf6 2. c4 e6 3. Nc3 Bb4 4. Nf3 c5 5. g3 Nc6 6. d5 Bxc3+ 7. bxc3 Na5 8. Qd3 b6 9. Nd2 Ba6 10. Bg2 exd5 11. Qe3+ Qe7 12. Qxe7+ Kxe7 13. cxd5 Rae8 14. Nb3 Kd8 15. Bf3 Nc4 16. Bg5 Ne5 17. Bxf6+ gxf6 18. Bh5 Ng6 19. e3 Re5 20. Bf3 Rhe8 21. Nd2 Bd3 22. c4 f5 23. Kd1 R5e7 24. a4 d6 25. Rg1 Ne5 26. Be2 Rg8 27. Re1 Bxe2+ 28. Kxe2 Rb7 29. f4 Ng4 30. h3 Nf6 31. Kf3 Ne4 32. Nxe4 fxe4+ 33. Kxe4 Rxg3 34. Kf5 Rxh3 35. e4 Rh5+ 36. Kg4 Rh6 37. Rh1 Rg6+ 38. Kf5 h6 39. Rag1 Rxg1 40. Rxg1 Ke7 41. Rg8 a6 42. Ra8 b5 43. axb5 axb5 44. cxb5 Rxb5 45. Ra7+ Ke8 46. e5 dxe5 47. fxe5 Rb1 48. d6 Rf1+ 49. Ke4 Rd1 50. Re7+ Kf8 51. Rc7 Rd4+ 52. Kf5 c4 53. Rc6 Kg7 54. Rc7 Kf8 55. Ra7 c3 56. Rc7 Rd3 57. Ke4 Rd1 58. Rc8+ Kg7 59. Rxc3 f6 60. Kf5 fxe5 61. Rc7+ Kg8 62. d7 Kf8 63. Ke6 e4 64. Rc8+ 1-0

[Event "Perth op"]
[Site "Perth"]
[Date "2023.01.05"]
[Round "5"]
[White "Young, Micah"]
[Black "Wallis, Christopher"]
[Result "1/2-1/2"]
[WhiteElo "1845"]
[BlackElo "2313"]
[PlyCount "134"]
[EventDate "2023.01.02"]
[EventType "swiss"]
[EventRounds "11"]
[EventCountry "AUS"]
[SourceTitle "CBM 212 Extra"]
[Source "ChessBase"]
[SourceDate "2023.03.31"]
[SourceVersion "1"]
[SourceVersionDate "2023.03.31"]
[SourceQuality "1"]

1. e4 e5 2. Nf3 Nc6 3. Bb5 Nf6 4. d3 Bc5 5. c3 0-0 6. 0-0 d5 7. Bxc6 bxc6 8. Nxe5 dxe4 9. dxe4 Ba6 10. Qxd8 Raxd8 11. Re1 Nxe4 12. Be3 Bxe3 13. fxe3 Rd6 14. Na3 Re8 15. Nec4 Rd5 16. Rad1 Nc5 17. Rd4 Ne6 18. Rd2 Rxd2 19. Nxd2 c5 20. Ndc4 Rd8 21. Kf2 Bb7 22. h4 h5 23. g3 Be4 24. Re2 Rd5 25. Nd2 Bd3 26. e4 Rd8 27. Re3 f6 28. Nac4 Kf7 29. b3 Ke7 30. Nb2 Ba6 31. Nbc4 Bb7 32. Ke2 Rg8 33. Nf3 Ba6 34. Kd3 Rd8+ 35. Kc2 Bxc4 36. bxc4 Rf8 37. Kd3 Kd6 38. Ke2 Rb8 39. Rd3+ Ke7 40. Rd2 g5 41. hxg5 fxg5 42. Ne5 Rb1 43. Rd1 Rxd1 44. Kxd1 Kf6 45. Nd7+ Kg7 46. Ke2 h4 47. gxh4 gxh4 48. Kf2 Kg6 49. Ne5+ Kh5 50. a4 Ng5 51. a5 a6 52. Nd7 Nxe4+ 53. Kg2 Kg4 54. Nb8 Nd2 55. Nxa6 Nxc4 56. Nxc5 Nxa5 57. Na6 c6 58. Nb4 c5 59. Nd3 c4 60. Nb2 h3+ 61. Kh2 Kh4 62. Kg1 Kg3 63. Kh1 Nb3 64. Nxc4 Nc5 65. Nd2 Nd3 66. Ne4+ Kf4 67. Kh2 Kxe4 1/2-1/2

[Event "Perth op"]
[Site "Perth"]
[Date "2023.01.03"]
[Round "2"]
[White "Wallis, Christopher"]
[Black "Janceski, Alex"]
[Result "1-0"]
[WhiteElo "2313"]
[BlackElo "1821"]
[PlyCount "71"]
[EventDate "2023.01.02"]
[EventType "swiss"]
[EventRounds "11"]
[EventCountry "AUS"]
[SourceTitle "CBM 212 Extra"]
[Source "ChessBase"]
[SourceDate "2023.03.31"]
[SourceVersion "1"]
[SourceVersionDate "2023.03.31"]
[SourceQuality "1"]

1. d4 d5 2. c4 e6 3. Nf3 Nf6 4. g3 c6 5. Bg2 Be7 6. 0-0 0-0 7. Qc2 Nbd7 8. Nbd2 h6 9. e4 dxe4 10. Nxe4 Nxe4 11. Qxe4 Nf6 12. Qe2 Re8 13. Bd2 a5 14. Bc3 c5 15. Rad1 Nd7 16. dxc5 Bxc5 17. Nd4 Qb6 18. a3 a4 19. Nb5 Be7 20. Qg4 Nf6 21. Qf4 Rd8 22. Nc7 Rb8 23. Rxd8+ Bxd8 24. Nd5 exd5 25. Qxb8 Bf5 26. cxd5 Kh7 27. Qf4 Bg6 28. Qxa4 Be7 29. Qa5 Qd6 30. Bb4 Qd7 31. Bxe7 Qxe7 32. Re1 Qd6 33. Qb4 Qa6 34. h3 Nd7 35. d6 Nc5 36. Qxc5 1-0

[Event "Doeberl Cup 59th"]
[Site "Canberra"]
[Date "2022.04.16"]
[Round "5"]
[White "Banerjee, Niki"]
[Black "Wallis, Christopher"]
[Result "0-1"]
[WhiteElo "2043"]
[BlackElo "2330"]
[PlyCount "62"]
[EventDate "2022.04.14"]
[EventType "swiss"]
[EventRounds "9"]
[EventCountry "AUS"]
[SourceTitle "CBM 207 Extra"]
[Source "ChessBase"]
[SourceDate "2022.05.31"]
[SourceVersion "1"]
[SourceVersionDate "2022.05.31"]
[SourceQuality "1"]

1. d4 Nf6 2. c4 e6 3. Nc3 Bb4 4. e3 0-0 5. Nge2 Re8 6. a3 Bf8 7. Ng3 d5 8. Be2 b6 9. 0-0 c5 10. dxc5 bxc5 11. cxd5 exd5 12. Bf3 Be6 13. b3 Nc6 14. Bb2 Rc8 15. Na4 d4 16. Bxc6 Rxc6 17. Qd3 Qd7 18. exd4 c4 19. Qd2 cxb3 20. Nc3 Rec8 21. Rac1 h6 22. Rfd1 Nd5 23. Nge4 Nxc3 24. Rxc3 Rxc3 25. Bxc3 Bd5 26. Nc5 Qg4 27. f3 Bxf3 28. Re1 Bd5 29. Re5 Rd8 30. Ba5 Rb8 31. Bb4 Bxg2 0-1

[Event "Doeberl Cup 59th"]
[Site "Canberra"]
[Date "2022.04.16"]
[Round "6"]
[White "Wallis, Christopher"]
[Black "Fernandez, Daniel Howard"]
[Result "1/2-1/2"]
[WhiteElo "2330"]
[BlackElo "2492"]
[PlyCount "92"]
[EventDate "2022.04.14"]
[EventType "swiss"]
[EventRounds "9"]
[EventCountry "AUS"]
[SourceTitle "CBM 207 Extra"]
[Source "ChessBase"]
[SourceDate "2022.05.31"]
[SourceVersion "1"]
[SourceVersionDate "2022.05.31"]
[SourceQuality "1"]

1. d4 d5 2. c4 c6 3. Nf3 Nf6 4. e3 Bg4 5. h3 Bxf3 6. Qxf3 e6 7. Nc3 Nbd7 8. Bd2 Bb4 9. a3 Bxc3 10. Bxc3 Ne4 11. Rc1 Qf6 12. Qxf6 gxf6 13. Bd3 h5 14. 0-0 Nxc3 15. Rxc3 dxc4 16. Bxc4 Nb6 17. Rfc1 h4 18. Be2 Kd7 19. Bf3 f5 20. Kf1 Rhg8 21. Ke2 a5 22. b3 Ra6 23. R1c2 Nc8 24. Rc5 Nd6 25. Kd3 Rb6 26. Rb2 Rb5 27. Rxb5 Nxb5 28. a4 Nd6 29. Rc2 Kc7 30. Rc5 Kb6 31. Re5 Re8 32. Kc3 f6 33. Rc5 Rg8 34. b4 Ne4+ 35. Bxe4 axb4+ 36. Kxb4 fxe4 37. Rh5 Rxg2 38. Rxh4 f5 39. a5+ Ka6 40. Rh8 Ka7 41. Rh6 Rxf2 42. Rxe6 Rb2+ 43. Kc4 Re2 44. Re5 Rxe3 45. Rxf5 Ka6 46. h4 Rh3 1/2-1/2

[Event "Doeberl Cup 59th"]
[Site "Canberra"]
[Date "2022.04.15"]
[Round "3"]
[White "Litchfield, Frederick"]
[Black "Wallis, Christopher"]
[Result "1/2-1/2"]
[WhiteElo "2101"]
[BlackElo "2330"]
[PlyCount "79"]
[EventDate "2022.04.14"]
[EventType "swiss"]
[EventRounds "9"]
[EventCountry "AUS"]
[SourceTitle "CBM 207 Extra"]
[Source "ChessBase"]
[SourceDate "2022.05.31"]
[SourceVersion "1"]
[SourceVersionDate "2022.05.31"]
[SourceQuality "1"]

1. e4 e5 2. Bc4 Nf6 3. Nc3 Nxe4 4. Qh5 Nd6 5. Qxe5+ Qe7 6. Qxe7+ Bxe7 7. Be2 Nf5 8. Nf3 c6 9. g4 Nh4 10. Nxh4 Bxh4 11. Ne4 Be7 12. d4 d5 13. Ng3 Bd6 14. Be3 a5 15. Kd2 0-0 16. Rag1 Re8 17. h4 Nd7 18. Nf5 Bc7 19. Bd3 b6 20. c3 Ba6 21. Bc2 Nf8 22. Rh3 Ne6 23. Rf3 Rad8 24. g5 Rd7 25. h5 Nf8 26. Nh4 g6 27. Rh1 Rde7 28. Rf6 Bb7 29. Bd3 b5 30. Ng2 Nd7 31. Rf3 Nb6 32. b3 b4 33. Rfh3 bxc3+ 34. Kxc3 Nd7 35. Nf4 Nf8 36. Kb2 c5 37. hxg6 fxg6 38. Rh4 cxd4 39. Bxd4 Be5 40. Ne2 1/2-1/2

[Event "Melbourne Australasian GM"]
[Site "Melbourne"]
[Date "2019.12.18"]
[Round "5"]
[White "Wallis, Christopher"]
[Black "Yang, Ray"]
[Result "1-0"]
[WhiteElo "2349"]
[BlackElo "2300"]
[PlyCount "95"]
[EventDate "2019.12.14"]
[EventType "tourn"]
[EventRounds "9"]
[EventCountry "AUS"]
[EventCategory "6"]
[SourceTitle "CBM 193 Extra"]
[Source "ChessBase"]
[SourceDate "2020.01.31"]
[SourceVersion "1"]
[SourceVersionDate "2020.01.31"]
[SourceQuality "1"]

1. d4 d5 2. c4 c6 3. Nf3 Nf6 4. e3 Bg4 5. h3 Bh5 6. g4 Bg6 7. Ne5 Nfd7 8. Nxg6 hxg6 9. Qb3 Qb6 10. cxd5 cxd5 11. Qxd5 Nc6 12. Nc3 e6 13. Qb5 Qc7 14. Bg2 a6 15. Qe2 Bb4 16. Bd2 Nb6 17. 0-0 0-0-0 18. Rfc1 Bxc3 19. Rxc3 Nd5 20. Rc5 Kb8 21. Rac1 Rc8 22. b4 Qd6 23. b5 axb5 24. Qxb5 Na7 25. Rxc8+ Rxc8 26. Rxc8+ Nxc8 27. e4 Nc7 28. Qb2 Qb6 29. Qxb6 Nxb6 30. Bf1 f6 31. Bb4 Nd7 32. f4 Kc8 33. Bc4 Kd8 34. Kf2 Ke8 35. Bd6 Nb6 36. Bb3 Nba8 37. Ke3 b5 38. Kd3 Kd7 39. Bf8 Ne8 40. Kc3 Nac7 41. Kb4 Nd6 42. Bc2 Nc4 43. Bxg7 Ke7 44. Bd3 Nd6 45. Bxf6+ Kxf6 46. e5+ Ke7 47. exd6+ Kxd6 48. Be4 1-0

[Event "Melbourne Australasian GM"]
[Site "Melbourne"]
[Date "2018.12.19"]
[Round "5"]
[White "Izzat, Kanan Azar"]
[Black "Wallis, Christopher"]
[Result "1/2-1/2"]
[WhiteElo "2496"]
[BlackElo "2349"]
[PlyCount "107"]
[EventDate "2018.12.15"]
[EventType "tourn"]
[EventRounds "9"]
[EventCountry "AUS"]
[EventCategory "8"]
[SourceTitle "CBM 187 Extra"]
[Source "ChessBase"]
[SourceDate "2018.11.04"]
[SourceVersion "1"]
[SourceVersionDate "2018.11.04"]
[SourceQuality "1"]

1. d4 d5 2. Nf3 Nf6 3. c4 e6 4. g3 Be7 5. Bg2 0-0 6. 0-0 dxc4 7. Na3 Bxa3 8. bxa3 Bd7 9. Ne5 Bc6 10. Nxc6 Nxc6 11. Bb2 Nd5 12. Rc1 Nb6 13. a4 Qd7 14. Bc3 a5 15. Rb1 Ra7 16. Rb5 Nb4 17. a3 N4d5 18. Qe1 Rfa8 19. Ba1 Nxa4 20. Rb1 c6 21. e4 Ne7 22. Bf3 b5 23. Bd1 Nb6 24. Bc2 Qd6 25. Qc3 b4 26. axb4 axb4 27. Qxb4 Qxb4 28. Rxb4 Rxa1 29. Rxb6 R1a3 30. Rfb1 g6 31. Rb7 Kf8 32. Rc7 Ra1 33. Kf1 Rxb1+ 34. Bxb1 Rb8 35. Bc2 Rb2 36. Ba4 c3 37. d5 exd5 38. exd5 Nxd5 39. Rxc6 Rb4 40. Bc2 Ke7 41. h4 h5 42. Ke1 Kd7 43. Rc5 Kd6 44. Rc8 Rb7 45. Ke2 Ke5 46. Kd3 Rd7 47. Rc5 Kd6 48. Kd4 Nc7 49. Ra5 Ke6+ 50. Kxc3 Nd5+ 51. Kb2 Nf6 52. f3 Rc7 53. Rg5 Ne8 54. g4 1/2-1/2

[Event "Melbourne Australasian GM"]
[Site "Melbourne"]
[Date "2018.12.15"]
[Round "1"]
[White "Smirnov, Anton"]
[Black "Wallis, Christopher"]
[Result "1-0"]
[WhiteElo "2553"]
[BlackElo "2349"]
[PlyCount "193"]
[EventDate "2018.12.15"]
[EventType "tourn"]
[EventRounds "9"]
[EventCountry "AUS"]
[EventCategory "8"]
[SourceTitle "CBM 187 Extra"]
[Source "ChessBase"]
[SourceDate "2018.11.04"]
[SourceVersion "1"]
[SourceVersionDate "2018.11.04"]
[SourceQuality "1"]

1. d4 d5 2. c4 e6 3. Nf3 Nf6 4. Nc3 Be7 5. Bf4 0-0 6. e3 b6 7. cxd5 Nxd5 8. Nxd5 Qxd5 9. Bd3 Bb7 10. 0-0 c5 11. dxc5 Rd8 12. Bd6 Bxd6 13. cxd6 Qxd6 14. Qc2 g6 15. Rfd1 Qe7 16. Be4 Na6 17. Bxb7 Qxb7 18. h4 Nc5 19. Ne5 Qe4 20. Qxe4 Nxe4 21. Nc6 Rxd1+ 22. Rxd1 a5 23. Rd7 Nc5 24. Rc7 Nd3 25. Rb7 Nxb2 26. Rxb6 Nc4 27. Rb5 a4 28. Rb4 Nd6 29. a3 Kf8 30. g4 Ra6 31. Ne5 f6 32. Nd7+ Ke7 33. Nc5 Ra5 34. Nxa4 h5 35. gxh5 gxh5 36. Kg2 Kd7 37. Nb6+ Kc6 38. Nc4 Nxc4 39. Rxc4+ Kd5 40. Rd4+ Ke5 41. a4 Kf5 42. Rc4 e5 43. Kf3 Ra6 44. e4+ Ke6 45. Ke3 Rb6 46. Rc3 f5 47. a5 Rb4 48. f3 f4+ 49. Kd3 Ra4 50. Rc6+ Kd7 51. Ra6 Kc7 52. Kc3 Ra3+ 53. Kc4 Rxf3 54. Kd5 Ra3 55. Kxe5 f3 56. Ra7+ Kc8 57. a6 f2 58. Rf7 Ra5+ 59. Kd4 Ra4+ 60. Ke3 Rxa6 61. Rxf2 Kd7 62. Rf5 Rh6 63. Ra5 Rh8 64. Kf4 Rf8+ 65. Kg5 Re8 66. Rd5+ Ke6 67. Kxh5 Kf6 68. Rf5+ Kg7 69. Rf4 Re5+ 70. Kg4 Ra5 71. Rf5 Ra1 72. Kf4 Rf1+ 73. Ke5 Ra1 74. Rg5+ Kf7 75. Rf5+ Ke7 76. Rg5 Ra5+ 77. Kf4 Ra1 78. Rg6 Kf7 79. Rb6 Rh1 80. Kg5 Rg1+ 81. Kf5 Rf1+ 82. Ke5 Rh1 83. Rf6+ Ke7 84. Rf4 Ra1 85. Kf5 Kf7 86. h5 Kg7 87. Rh4 Ra4 88. h6+ Kh7 89. Rh1 Ra2 90. e5 Rf2+ 91. Ke6 Ra2 92. Rg1 Ra6+ 93. Kf7 Rxh6 94. e6 Kh8 95. e7 Rh7+ 96. Kf8 Rg7 97. Rh1+ 1-0

[Event "Adelaide Lidums GM"]
[Site "Adelaide"]
[Date "2018.12.12"]
[Round "7"]
[White "Wallis, Christopher"]
[Black "Urkedal, Frode Olav Olsen"]
[Result "1-0"]
[WhiteElo "2349"]
[BlackElo "2537"]
[PlyCount "75"]
[EventDate "2018.12.08"]
[EventType "tourn"]
[EventRounds "9"]
[EventCountry "AUS"]
[EventCategory "7"]
[SourceTitle "CBM 187 Extra"]
[Source "ChessBase"]
[SourceDate "2018.11.04"]
[SourceVersion "1"]
[SourceVersionDate "2018.11.04"]
[SourceQuality "1"]

1. d4 Nf6 2. c4 e6 3. Nc3 Bb4 4. Qc2 b6 5. e4 c5 6. a3 Bxc3+ 7. bxc3 Bb7 8. Bd3 b5 9. Qb1 cxd4 10. cxd4 bxc4 11. Qxb7 cxd3 12. Qxa8 Qb6 13. Ra2 Qb1 14. Ra1 Qb6 15. Ra2 0-0 16. Rb2 d2+ 17. Kxd2 Qxd4+ 18. Ke1 Qc3+ 19. Kd1 Qd3+ 20. Ke1 Qc3+ 21. Kd1 Qd4+ 22. Ke1 Nc6 23. Qb7 Ne5 24. Rd2 Qc4 25. Bb2 Nd3+ 26. Rxd3 Qxd3 27. f3 Nh5 28. Qc7 d5 29. Ne2 dxe4 30. fxe4 Qb1+ 31. Bc1 Qxe4 32. Kf2 Qf5+ 33. Bf4 g5 34. g4 Qxg4 35. Bxg5 Kh8 36. Qc5 Ra8 37. Rg1 Qe4 38. Ng3 1-0

[Event "Adelaide Lidums GM"]
[Site "Adelaide"]
[Date "2018.12.10"]
[Round "4"]
[White "Gong, Patrick"]
[Black "Wallis, Christopher"]
[Result "1/2-1/2"]
[WhiteElo "2328"]
[BlackElo "2349"]
[PlyCount "87"]
[EventDate "2018.12.08"]
[EventType "tourn"]
[EventRounds "9"]
[EventCountry "AUS"]
[EventCategory "7"]
[SourceTitle "CBM 187 Extra"]
[Source "ChessBase"]
[SourceDate "2018.11.04"]
[SourceVersion "1"]
[SourceVersionDate "2018.11.04"]
[SourceQuality "1"]

1. Nf3 d5 2. g3 Bg4 3. Bg2 Nd7 4. d4 c6 5. 0-0 e6 6. Nbd2 Bd6 7. e4 Ne7 8. c3 0-0 9. Qb3 Qb8 10. Re1 c5 11. Nf1 dxe4 12. Ng5 cxd4 13. cxd4 Nc6 14. Ne3 Bf3 15. Nxe4 Bxg2 16. Kxg2 Nxd4 17. Qa4 Nc6 18. Qb5 Be7 19. Rd1 Qc7 20. Nc4 a6 21. Qh5 Nf6 22. Nxf6+ Bxf6 23. Bf4 e5 24. Be3 Nd4 25. Nxe5 Nc2 26. Nd7 Nxe3+ 27. fxe3 Bxb2 28. Nxf8 Qc2+ 29. Kf3 Bxa1 30. Qxh7+ Qxh7 31. Nxh7 Be5 32. Ng5 f6 33. Ne6 Re8 34. Nc5 Rc8 35. Nxb7 Rc2 36. a4 Rxh2 37. Nc5 a5 38. Rd5 Ra2 39. Nd3 Rxa4 40. Nxe5 fxe5 41. Rxe5 Kf7 42. Rb5 Kf6 43. Rb6+ Kf7 44. Rb7+ 1/2-1/2

[Event "Adelaide Lidums GM"]
[Site "Adelaide"]
[Date "2018.12.09"]
[Round "2"]
[White "Wallis, Christopher"]
[Black "Papin, Vasily"]
[Result "0-1"]
[WhiteElo "2349"]
[BlackElo "2483"]
[PlyCount "136"]
[EventDate "2018.12.08"]
[EventType "tourn"]
[EventRounds "9"]
[EventCountry "AUS"]
[EventCategory "7"]
[SourceTitle "CBM 187 Extra"]
[Source "ChessBase"]
[SourceDate "2018.11.04"]
[SourceVersion "1"]
[SourceVersionDate "2018.11.04"]
[SourceQuality "1"]

1. e4 d5 2. exd5 Qxd5 3. Nc3 Qd6 4. d4 Nf6 5. Nf3 c6 6. h3 Bf5 7. Bd3 Bxd3 8. Qxd3 Nbd7 9. Bg5 e6 10. 0-0-0 h6 11. Bxf6 gxf6 12. Kb1 0-0-0 13. Qe2 Qc7 14. Rhg1 f5 15. g4 fxg4 16. hxg4 Qf4 17. Rg3 Bd6 18. Rh1 Bc7 19. Rh4 Qf6 20. Rgh3 Rdg8 21. Ne4 Qg7 22. a3 Kb8 23. Qd2 Bd8 24. Qf4+ Bc7 25. Qe3 f5 26. gxf5 exf5 27. Ned2 Nf6 28. Qd3 Ng4 29. Qf1 Re8 30. Rh5 Qf7 31. Rh1 Rhf8 32. R5h3 Qd5 33. Nb3 Re7 34. Nc5 Rfe8 35. Nd3 Bb6 36. c3 Bc7 37. Ka1 a5 38. Qd1 Bd6 39. Rf1 Qb5 40. Re1 Rxe1 41. Nfxe1 Qd5 42. Qf3 Qe4 43. Nc2 a4 44. Ncb4 Kc7 45. Qd1 Qg2 46. Rf3 Rf8 47. Qe2 Qh1+ 48. Ka2 Qh5 49. Nc5 Bxc5 50. dxc5 Qf7+ 51. Ka1 h5 52. Qd1 Re8 53. Qd6+ Kc8 54. Qd2 h4 55. Rh3 Qe7 56. Rh1 Qxc5 57. Rxh4 Qxf2 58. Qxf2 Nxf2 59. Rf4 Re1+ 60. Ka2 Re2 61. Rxf5 Nd1 62. Nd3 Rd2 63. Nc1 Nxb2 64. Rf8+ Kc7 65. Rf7+ Kb8 66. Rf8+ Ka7 67. Ka1 Nc4 68. Rf4 b5 0-1

[Event "George Trundle Masters"]
[Site "Auckland"]
[Date "2018.07.15"]
[Round "9"]
[White "Wallis, Christopher"]
[Black "Lane, Gary William"]
[Result "1-0"]
[WhiteElo "2320"]
[BlackElo "2385"]
[PlyCount "139"]
[EventDate "2018.07.07"]
[EventType "tourn"]
[EventRounds "9"]
[EventCountry "NZL"]
[EventCategory "2"]
[SourceTitle "EXT 2019"]
[Source "ChessBase"]
[SourceDate "2018.10.10"]
[SourceVersion "1"]
[SourceVersionDate "2018.10.10"]
[SourceQuality "1"]

1. d4 f5 2. Bg5 g6 3. Nc3 Bg7 4. e4 fxe4 5. Nxe4 d5 6. Nc3 Nh6 7. Bxh6 Bxh6 8. Nf3 c6 9. Bd3 Qd6 10. 0-0 0-0 11. h3 Bf5 12. Bxf5 Rxf5 13. Qe2 Nd7 14. Rae1 Re8 15. Qe6+ Kf8 16. Nd1 Bf4 17. Qxd6 exd6 18. Rxe8+ Kxe8 19. Re1+ Kd8 20. Ne3 Rf7 21. Kf1 Nf6 22. g3 Bh6 23. Kg2 b5 24. Ng4 Nxg4 25. hxg4 Re7 26. Rh1 Bf8 27. Ng5 h6 28. Nf3 Re2 29. Rc1 g5 30. Kf1 Re4 31. c3 Kd7 32. Nd2 Re7 33. a4 a6 34. axb5 axb5 35. Ra1 Ke6 36. Ke2 c5 37. Nf1 Bg7 38. Ne3 cxd4 39. cxd4 Kf7 40. Kd3 Re4 41. Nf5 Bf8 42. f3 Re8 43. Ra7+ Kf6 44. Ne3 Ke6 45. f4 gxf4 46. gxf4 Rb8 47. Rh7 b4 48. f5+ Kf6 49. Nxd5+ Kg5 50. Rh8 Kxg4 51. Nf6+ Kxf5 52. Nd7 Rd8 53. Nxf8 d5 54. Rg8 h5 55. Rg1 h4 56. Ng6 h3 57. Ke3 Ra8 58. Nh4+ Kf6 59. Nf3 Ra2 60. Rh1 Rxb2 61. Rxh3 Rb3+ 62. Kf4 Rd3 63. Rh6+ Ke7 64. Rb6 b3 65. Kg3 Kd8 66. Kf2 Kc7 67. Rb4 Rc3 68. Nd2 Rc2 69. Ke3 b2 70. Kd3 1-0

[Event "George Trundle Masters"]
[Site "Auckland"]
[Date "2018.07.14"]
[Round "8"]
[White "Hague, Ben"]
[Black "Wallis, Christopher"]
[Result "1/2-1/2"]
[WhiteElo "2356"]
[BlackElo "2320"]
[PlyCount "81"]
[EventDate "2018.07.07"]
[EventType "tourn"]
[EventRounds "9"]
[EventCountry "NZL"]
[EventCategory "2"]
[SourceTitle "EXT 2019"]
[Source "ChessBase"]
[SourceDate "2018.10.10"]
[SourceVersion "1"]
[SourceVersionDate "2018.10.10"]
[SourceQuality "1"]

1. e4 e5 2. Bc4 Nf6 3. d3 c6 4. Nf3 Be7 5. 0-0 d6 6. Re1 0-0 7. a3 Nbd7 8. Nbd2 Nc5 9. Ba2 Be6 10. Bb1 Bg4 11. h3 Bh5 12. Nf1 Bxf3 13. Qxf3 Nfd7 14. Ba2 Bg5 15. Ne3 a5 16. Qg4 g6 17. h4 Bh6 18. Qh3 Nf6 19. Qf3 Bg7 20. Nf1 Qe7 21. Ng3 h5 22. Nf1 Ne6 23. Qg3 Kh8 24. c3 b5 25. Bd2 Nd7 26. Nh2 Ndc5 27. b4 Nd7 28. Nf3 axb4 29. axb4 Ra3 30. Bxe6 Rxa1 31. Rxa1 Qxe6 32. Ng5 Qb3 33. Qe3 Kg8 34. Qe1 Qc2 35. Qe2 Bh6 36. Nf3 Nb6 37. Ra6 Rb8 38. Qe1 Bxd2 39. Qxd2 Qxd2 40. Nxd2 c5 41. Kf1 1/2-1/2

[Event "George Trundle Masters"]
[Site "Auckland"]
[Date "2018.07.10"]
[Round "4"]
[White "Wallis, Christopher"]
[Black "Polishchuk, Kirill"]
[Result "1-0"]
[WhiteElo "2320"]
[BlackElo "2128"]
[PlyCount "109"]
[EventDate "2018.07.07"]
[EventType "tourn"]
[EventRounds "9"]
[EventCountry "NZL"]
[EventCategory "2"]
[SourceTitle "EXT 2019"]
[Source "ChessBase"]
[SourceDate "2018.10.10"]
[SourceVersion "1"]
[SourceVersionDate "2018.10.10"]
[SourceQuality "1"]

1. d4 Nf6 2. c4 e5 3. dxe5 Ne4 4. a3 Nc6 5. Nf3 d6 6. Qc2 d5 7. e3 Bf5 8. Bd3 Bg6 9. 0-0 a5 10. Rd1 Qd7 11. Nc3 Nxc3 12. bxc3 0-0-0 13. Bxg6 hxg6 14. cxd5 Bc5 15. e4 Ne7 16. a4 Qg4 17. Kf1 f5 18. exf6 gxf6 19. Ba3 Bxa3 20. Rxa3 f5 21. Rd4 c5 22. dxc6 Nxc6 23. Rxd8+ Rxd8 24. h3 Qf4 25. exf5 gxf5 26. Ra1 Ne5 27. Nxe5 Qxe5 28. Rb1 Qf4 29. Rb5 Qc4+ 30. Kg1 Rd3 31. Rc5+ Qxc5 32. Qxd3 Kb8 33. g3 Qe5 34. h4 b6 35. Kg2 f4 36. Qc4 fxg3 37. fxg3 Kb7 38. g4 Qe3 39. g5 Ka7 40. g6 Qe5 41. Qf7+ Ka6 42. Qf3 Ka7 43. h5 Qg5+ 44. Kh3 b5 45. axb5 a4 46. c4 Kb6 47. Qc6+ Ka5 48. Qd5 Qe3+ 49. Kg4 Qe2+ 50. Kg5 Qe3+ 51. Kf6 a3 52. g7 Qf2+ 53. Kg6 Qc2+ 54. Kh6 Qc1+ 55. Qg5 1-0

[Event "Melbourne Australasian GM"]
[Site "Melbourne"]
[Date "2017.12.09"]
[Round "1"]
[White "Papin, Vasily"]
[Black "Wallis, Christopher"]
[Result "1-0"]
[WhiteElo "2453"]
[BlackElo "2380"]
[PlyCount "71"]
[EventDate "2017.12.09"]
[EventType "tourn"]
[EventRounds "9"]
[EventCountry "AUS"]
[EventCategory "9"]
[SourceTitle "CBM 182 Extra"]
[Source "ChessBase"]
[SourceDate "2018.02.23"]
[SourceVersion "1"]
[SourceVersionDate "2018.02.23"]
[SourceQuality "1"]

1. c4 e5 2. a3 Nf6 3. e3 c6 4. Nf3 e4 5. Nd4 d5 6. cxd5 cxd5 7. d3 a6 8. Nc3 Bc5 9. Nb3 Bd6 10. dxe4 dxe4 11. Nd2 Bf5 12. Qa4+ Qd7 13. Bb5 axb5 14. Qxa8 0-0 15. Qa5 b4 16. Nd5 Nxd5 17. Qxd5 Be6 18. Qxe4 Qb5 19. Qf3 Nc6 20. Qe2 Qg5 21. f4 Qg6 22. 0-0 Bc5 23. Nf3 Bd5 24. Bd2 bxa3 25. bxa3 b6 26. Kh1 h6 27. Bc3 Re8 28. Ne5 Nxe5 29. fxe5 Bxe3 30. Rad1 Bb7 31. Rd7 Qc6 32. Rfxf7 Qxc3 33. Rxg7+ Kh8 34. Rh7+ Kg8 35. Rdg7+ Kf8 36. Qf1+ 1-0

[Event "Adelaide Lidums GM"]
[Site "Adelaide"]
[Date "2017.12.06"]
[Round "6"]
[White "Cheng, Bobby Sky"]
[Black "Wallis, Christopher"]
[Result "1-0"]
[WhiteElo "2483"]
[BlackElo "2380"]
[PlyCount "109"]
[EventDate "2017.12.02"]
[EventType "tourn"]
[EventRounds "9"]
[EventCountry "AUS"]
[EventCategory "8"]
[SourceTitle "CBM 182 Extra"]
[Source "ChessBase"]
[SourceDate "2018.02.23"]
[SourceVersion "1"]
[SourceVersionDate "2018.02.23"]
[SourceQuality "1"]

1. b3 e5 2. Bb2 Nc6 3. Nf3 e4 4. Nd4 Nf6 5. e3 Bc5 6. Nxc6 dxc6 7. d4 Bd6 8. Be2 h5 9. Nd2 Bg4 10. h3 Bxe2 11. Qxe2 Qd7 12. Nc4 0-0-0 13. 0-0-0 Qf5 14. f3 Kb8 15. Ne5 Bxe5 16. dxe5 Nd5 17. a3 Qg5 18. Rde1 Qg6 19. Rhf1 exf3 20. gxf3 Qe6 21. Qg2 a5 22. f4 a4 23. e4 Nb6 24. Qf3 c5 25. f5 Qc6 26. e6 axb3 27. Qxb3 c4 28. Qb4 f6 29. Rg1 Rhg8 30. Re3 Na4 31. Bc3 b5 32. Rge1 Qb6 33. e5 fxe5 34. Rxe5 c5 35. Qa5 Qxa5 36. Bxa5 Rde8 37. e7 Kb7 38. Re6 c3 39. Rd1 Rc8 40. Rd7+ Kb8 41. Rd8 Re8 42. Rxe8 Rxe8 43. Bd8 b4 44. axb4 cxb4 45. Re4 Nc5 46. Rxb4+ Nb7 47. Rb3 Ka7 48. Ra3+ Kb8 49. Rb3 Ka7 50. Bc7 Ka6 51. Rb6+ Ka7 52. Re6 Nc5 53. Bb6+ Kb7 54. Bxc5 Ra8 55. Kd1 1-0